MARC

LEADER 00000nam0a2200000 4500
001 288000
005 20231102000038.0
020 |a RU  |b 85-85490 
035 |a (RuTPU)RU\TPU\book\312445 
090 |a 288000 
100 |a 20150320d1985 k y0rusy5003 ca 
101 0 |a rus 
102 |a RU 
105 |a a z 001zy 
200 1 |a Технологическая диспетчеризация в черной металлургии  |f В. Д. Любавский, Г. М. Матлин 
210 |a Москва  |c Металлургия  |d 1985 
215 |a 233 с.  |c ил. 
320 |a Библиогр.: с. 231 
606 1 |a Черная металлургия  |2 stltpush  |3 (RuTPU)RU\TPU\subj\18661  |9 87973 
610 1 |a предприятия 
610 1 |a диспетчеризация 
610 1 |a технологическая связь 
610 1 |a телемеханика 
610 1 |a телефонная связь 
610 1 |a управление 
675 |a 669.1:658  |z rus  |v 4 
700 1 |a Любавский  |b В. Д.  |g Владимир Дмитриевич  |4 070 
701 1 |a Матлин  |b Г. М.  |g Григорий Михайлович  |4 070 
801 0 |a RU  |b RuMRKP  |c 19950704  |g psbo 
801 1 |a RU  |b 63413507  |c 20150320 
801 2 |a RU  |b 63413507  |c 20170705  |g RCR 
942 |c BK